[Event "Witten (ch open)"]
[Site "Annen"]
[Date "2012.02.28"]
[Round "4"]
[White "Daemmrich, Dagmar"]
[Black "Stergar, Lothar"]
[Result "0-1"]
[WhiteElo "1136"]
[BlackElo "1574"]
[PlyCount "58"]
[EventDate "2012.02.03"]
[EventType "swiss"]
[EventRounds "7"]
[EventCountry "GER"]
[Source "Lothar Stergar"]
[SourceDate "2012.02.04"]

1. d4 Nf6 2. e3 g6 3. Nf3 Bg7 4. b3 c5 (4... O-O {- Daemmrich,D (1141)-Jeschke,
H (1898), (2) 2010}) 5. c3 O-O 6. Bb2 {#} d5 (6... d6 7. Bd3 Nbd7 8. O-O b6 9.
Nbd2 Bb7 10. c4 Nh5 11. Be4 Bxe4 12. Nxe4 f5 13. Neg5 Qc8 14. Ne6 Re8 15. Nxg7
Nxg7 16. d5 Nf6 17. Nd2 Kf7 18. f3 a5 19. a4 e5 20. dxe6+ Qxe6 21. e4 f4 22.
Nb1 Red8 23. Qd2 g5 24. Nc3 Nge8 25. Rfe1 Nd7 26. Nd5 Rab8 27. Rad1 Ne5 28. h4
h6 29. hxg5 hxg5 30. Kf2 Nf6 31. Nxf6 Kxf6 32. Rh1 Kg6 33. Rh2 Nf7 34. Rdh1 Rg8
35. Rh7 Rbe8 36. Qc3 Qe5 37. Qc2 Qe6 38. e5+ {1-0 Engels,G (1864)-Zimmermann,M
(1711), Eckernfoerde 2001}) (6... b6 7. Nbd2 Bb7 8. Bd3 d5 9. Qc2 Nc6 10. Ba3
Nd7 11. dxc5 Nxc5 12. Be2 Qc7 13. Rc1 Rfe8 14. b4 Ne4 15. Nxe4 dxe4 16. Nd4
Rac8 17. Nxc6 Qxc6 18. c4 f5 19. Qb3 Kh8 20. O-O g5 21. Bh5 Rf8 22. Bb2 e5 23.
f4 g4 24. h3 gxh3 25. gxh3 Qh6 26. Bd1 Qxh3 27. Rc2 Rc6 28. Rg2 Rg6 29. Rxg6
hxg6 30. Rf2 Qg3+ 31. Rg2 Qe1+ 32. Kh2 Kh7 33. Re2 Qh4+ 34. Kg1 Qg3+ 35. Kf1
Rd8 36. Rg2 Qh3 37. Kg1 Bh6 38. c5 Bd5 39. Qc3 exf4 40. Qf6 Qxe3+ 41. Kh2 Rg8
42. Qe7+ Rg7 43. Bxg7 Bxg7 44. Qh4+ Bh6 45. Qf6 g5 46. Qxf5+ Kg7 47. Qxd5 f3
48. Qe5+ Kg6 49. Qe8+ Kf6 50. Qc6+ Kg7 51. Qd7+ Kg6 52. Qd6+ Kg7 53. Bb3 Kh7
54. Qd7+ Bg7 55. Qf5+ Kh6 56. Rg3 Qd2+ 57. Kh3 f2 58. Bf7 Qd7 59. Qxd7 f1=Q+
60. Kg4 Qe2+ 61. Kf5 Qf2+ 62. Kxe4 Qc2+ 63. Kd5 Qd1+ 64. Kc6 Qa4+ 65. b5 Qe4+
66. Qd5 {1-0 Meiser,N (1725)-Tierling,D (2036), Frankfurt 2011}) (6... cxd4 7.
cxd4 d5 8. Bd3 Nc6 9. O-O Nb4 10. Bc2 Bf5 11. Na3 a6 12. Bc3 Nc6 13. Bd3 Bxd3
14. Qxd3 b5 15. Nc2 Ne4 16. Bb4 Qb6 17. Nd2 a5 18. Nxe4 dxe4 19. Qxe4 axb4 20.
Rfd1 e6 21. Ne1 Ne7 22. Rd2 Rfc8 23. Rc2 Nd5 24. Nf3 Rxc2 25. Qxc2 Qc7 26. Qxc7
Nxc7 27. e4 Bh6 28. Ne5 Bd2 29. g3 Bc3 30. Rc1 Rxa2 31. Nc6 Na6 32. d5 exd5 33.
Ne7+ Kf8 34. Nxd5 Ra1 35. Rxa1 Bxa1 36. Kf1 Nc5 37. Nxb4 Nxe4 38. Ke2 Nc5 39.
Nc2 Nxb3 40. Nxa1 Nxa1 41. Kd2 Nb3+ 42. Kc3 Nc5 43. f3 Na6 44. Kd4 b4 45. Kc4
Ke7 46. h3 h5 47. f4 Ke6 48. g4 h4 49. Kd4 f5 50. g5 b3 51. Kc3 b2 52. Kxb2 Kd5
53. Kc3 Ke4 {0-1 Iacoacci,G-Colantonio,M, Cecchina 1997}) 7. dxc5 Ne4 8. b4 Nc6
9. a3 Bf5 10. Qc2 Ng3 11. Bd3 Bxd3 12. Qxd3 Nxh1 13. Nbd2 e5 14. Qe2 d4 15.
O-O-O Nxf2 16. Qxf2 dxe3 17. Qxe3 Qe7 18. Ne4 Rfd8 19. Nd6 Rd7 20. h4 Rad8 21.
Ng5 Bh6 22. c4 f6 23. Rd5 fxg5 24. hxg5 Bxg5 25. Bxe5 Bxe3+ 26. Kc2 Nxe5 27.
Kb3 Nf7 28. Nxf7 Kxf7 29. Rxd7 Qxd7 0-1

[Event "Witten (ch open)"]
[Site "Annen"]
[Date "2012.03.02"]
[Round "4"]
[White "Claus, Joachim"]
[Black "Hoelzer, Thomas"]
[Result "1/2-1/2"]
[WhiteElo "1638"]
[BlackElo "1708"]
[PlyCount "145"]
[EventDate "2012.02.03"]
[EventType "swiss"]
[EventRounds "7"]
[EventCountry "GER"]
[Source "Lothar Stergar"]
[SourceDate "2012.02.04"]

1. f4 d5 2. Nf3 c5 3. e3 Nc6 4. Bb5 Bd7 5. O-O {#} (5. Bxc6 {- Claus,J (1860)
-Stergar,L (1729), (8) 1998}) 5... f5 (5... f6) (5... Qb6) (5... Qc7) (5... a6)
(5... g6) (5... e6) (5... Nf6 {- A 03/1}) 6. d3 Nf6 7. Nbd2 a6 8. Bxc6 bxc6 9.
Ne5 e6 10. Ndf3 Bd6 11. b3 O-O 12. Qe1 Bxe5 13. Nxe5 Be8 14. Ba3 Qb6 15. Rf3
Ng4 16. Bb2 Ra7 17. h3 Nf6 18. Ba3 Bh5 19. Rg3 Re8 20. Qc3 c4 21. bxc4 Rb7 22.
cxd5 cxd5 23. Bc5 Qc7 24. Nd7 Qxd7 25. Qxf6 Qf7 26. Bd4 Rc8 27. Rc1 Qxf6 28.
Bxf6 Be8 29. Bd4 g6 30. Rf3 Bb5 31. Rff1 Rbc7 32. c3 Bxd3 33. Rf2 Rb7 34. g4
Rcb8 35. Rd2 Rb1 36. Rdd1 Rxc1 37. Rxc1 Rb2 38. c4 Rxa2 39. cxd5 exd5 40. Rc8+
Kf7 41. Rc7+ Ke6 42. Rxh7 fxg4 43. hxg4 Be4 44. Rh2 Rxh2 45. Kxh2 Ke7 46. Bc3
Bd3 47. Kg3 Be4 48. Kh4 Bd3 49. Kg5 Be4 50. Kh6 Bd3 51. f5 gxf5 52. g5 Kf7 53.
g6+ Kg8 54. Kg5 Be4 55. Kf6 Bd3 56. Ke6 Be4 57. Kd6 a5 58. Kc5 a4 59. Kb4 Bc2
60. Be5 Bd1 61. Kc5 Bf3 62. Kd6 a3 63. Kc5 a2 64. Kd6 Be4 65. Ke6 Kf8 66. Bd4
Kg8 67. Kf6 Bd3 68. Kg5 Be4 69. Kf6 Bd3 70. Ke7 f4 71. exf4 Bxg6 72. Ke6 Bf7+
73. Kd6 1/2-1/2

[Event "Witten (ch open)"]
[Site "Annen"]
[Date "2012.03.09"]
[Round "5"]
[White "Winterkamp, Sascha"]
[Black "Reinoehl, Christian"]
[Result "0-1"]
[WhiteElo "1953"]
[BlackElo "2093"]
[PlyCount "164"]
[EventDate "2012.02.03"]
[EventType "swiss"]
[EventRounds "7"]
[EventCountry "GER"]
[Source "Lothar Stergar"]
[SourceDate "2012.02.04"]

1. d4 Nf6 2. c4 e6 3. Nc3 d5 4. Nf3 Be7 5. Bg5 O-O 6. e3 Nbd7 7. Qc2 c6 8. Rd1
(8. Rc1 {- Kwiatkowski,H (1918)-Pasdziernik,M (1738), (2) 2002}) 8... Re8 9. a3
Qa5 10. Bd3 h6 11. h4 dxc4 12. Bxc4 {#} Nf8 (12... Nd5 13. Bxd5 exd5 14. Bxe7
Rxe7 15. Kd2 b5 16. g4 Nb6 17. Rdg1 b4 18. axb4 Nc4+ 19. Kc1 Qxb4 20. h5 f6 21.
g5 fxg5 22. Nxg5 Bf5 23. Na2 Qa5 24. e4 Qxa2 25. exf5 Re2 {0-1 Agapov,S (2232)
-Zhidkov,V (2372), Serpuhov 2002}) 13. Bxf6 Bxf6 14. Kf1 b6 15. Ne4 Be7 16. Ne5
Bb7 17. Bd3 Rac8 18. b4 Qd5 19. Ng3 a5 20. Bc4 Qd8 21. Qe4 axb4 22. axb4 Bxb4
23. Nh5 Qe7 24. Rh3 c5 25. Qg4 f6 26. Ng6 Nxg6 27. Qxg6 Qf7 28. Qg4 cxd4 29.
Nxg7 Qxg7 30. Bxe6+ Kh8 31. Bxc8 Rxc8 32. Qxg7+ Kxg7 33. Rg3+ Kf7 34. Rxd4 Be7
35. Rd7 Ba6+ 36. Kg1 Rc1+ 37. Kh2 Bc8 38. Ra7 Rc4 39. f4 b5 40. Ra8 b4 41. Rb8
Bf5 42. Rgg8 Be4 43. Rh8 Rc2 44. Rxh6 Rxg2+ 45. Kh3 Rg8 46. Rb5 Bd3 47. Rb7 Be4
48. Rb5 Bd6 49. Rb6 Ke7 50. Rh5 Rb8 51. Rxb8 Bxb8 52. Rb5 Bd6 53. h5 Kf7 54.
Kg3 Kg7 55. Kf2 Bc2 56. Ke2 Be4 57. Rb6 Bf8 58. h6+ Kf7 59. Kd2 Be7 60. Kc1 Bc5
$138 61. h7 Bxh7 62. Rb7+ Be7 63. Kb2 Be4 64. Rb5 Ke6 65. Rb6+ Bd6 66. Rb5 Bd3
67. Rb6 Kd5 68. Rb7 Be4 69. Rb6 f5 70. Kb3 Bc5 71. Rb5 Kc6 72. Rb8 Bd5+ 73. Ka4
b3 74. Rc8+ Kd6 75. Rd8+ Ke6 76. Re8+ Be7 77. Rb8 Bf6 78. Rb6+ Ke7 79. Ka3 b2
80. Rb5 Be4 81. Rxb2 Bxb2+ 82. Kxb2 Kd6 $138 {...} 0-1

[Event "Witten (ch open)"]
[Site "Annen"]
[Date "2012.03.09"]
[Round "5"]
[White "Bortel, Peter"]
[Black "Zadow, Ralf"]
[Result "1/2-1/2"]
[WhiteElo "1821"]
[BlackElo "1860"]
[PlyCount "94"]
[EventDate "2012.02.03"]
[EventType "swiss"]
[EventRounds "7"]
[EventCountry "GER"]
[Source "Lothar Stergar"]
[SourceDate "2012.02.04"]

1. e4 e5 2. Nc3 Nc6 3. g3 Bc5 4. Bg2 d6 5. Nge2 Be6 6. O-O Qd7 7. Nd5 {#} (7.
a3 {- Bortel,P (1864)-Zadow,R (1892), (4) 2010}) 7... O-O-O (7... Bxd5 8. exd5
Nce7 9. d4 exd4 10. Nxd4 Nf6 11. Bg5 O-O-O 12. c4 Rde8 13. Qd2 Qg4 14. Be3 Ng6
15. h3 Ne4 16. Qd3 Ne5 17. Qxe4 Qxe4 18. Bxe4 Nxc4 19. Bf5+ Kb8 20. Nc2 Nxe3
21. fxe3 Bxe3+ 22. Nxe3 Rxe3 23. Rae1 Rxg3+ 24. Kh2 Rg5 25. Bxh7 Rxd5 26. Rxf7
Rd2+ 27. Kg3 Rxb2 28. Rxg7 Rxa2 29. Ree7 Ra3+ 30. Kg4 Rc3 31. h4 a5 32. h5 a4
33. h6 Rc1 34. Re3 Ka7 35. Kg5 Rg1+ 36. Kf6 Rh1 37. Kg5 Rg1+ {1/2-1/2 van der
Heijden-Bootsma,H, Hengelo 1995}) 8. c3 Bh3 9. b4 Bb6 10. a4 a5 11. Nxb6+ cxb6
12. d4 Bxg2 13. Kxg2 d5 14. b5 Nce7 15. f3 dxe4 16. fxe4 Qg4 17. Qd3 Nf6 18.
Qc4+ Kb8 19. dxe5 Rc8 20. Qd3 Rhd8 21. Qf3 Qxf3+ 22. Rxf3 Nxe4 23. Rxf7 Rf8 24.
Rxf8 Rxf8 25. Nf4 g5 26. Nd3 Nf5 27. Ba3 Ne3+ 28. Kg1 Rd8 29. Nf2 Nxf2 30. Kxf2
Nc2 31. Ra2 Rd2+ 32. Kg1 Rd1+ 33. Kg2 Nxa3 34. Rxa3 g4 35. Kf2 Rd5 36. c4 Rxe5
37. Re3 Rf5+ 38. Ke2 Rh5 39. Re8+ Kc7 40. Re7+ Kc8 41. Ke3 Rxh2 42. Kf4 h5 43.
Rh7 Rc2 44. Rh8+ Kc7 45. Rh7+ Kd6 46. Rh6+ Kc7 47. Rh7+ Kd6 1/2-1/2

[Event "Witten (ch open)"]
[Site "Annen"]
[Date "2012.03.09"]
[Round "5"]
[White "Stergar, Lothar"]
[Black "Leckebusch, Hans Peter"]
[Result "1/2-1/2"]
[WhiteElo "1574"]
[BlackElo "1893"]
[PlyCount "67"]
[EventDate "2012.02.03"]
[EventType "swiss"]
[EventRounds "7"]
[EventCountry "GER"]
[Source "Lothar Stergar"]
[SourceDate "2012.02.04"]

1. e4 e6 2. d4 d5 3. Nd2 Nf6 4. e5 Nfd7 5. Bd3 c5 6. c3 Nc6 7. Ne2 Qb6 8. Nf3
h6 (8... Be7 {- Koch,D (1313)-Morawietz,M (1805), (3) 2009}) 9. O-O Be7 10. b3
Nf8 {#} 11. Bf4 (11. Ne1 Bd7 12. Be3 cxd4 13. cxd4 Nb4 14. Bb1 Bb5 15. f4 Qa6
16. Rf2 Rc8 17. f5 Bxe2 18. Rxe2 Bd8 19. Nd3 Nxd3 20. Bxd3 Qa3 21. Bb5+ Nd7 22.
fxe6 fxe6 23. Qd3 Bg5 24. Qg6+ Kd8 25. Bxg5+ hxg5 26. Qxg5+ Qe7 27. Qxe7+ Kxe7
28. Bxd7 Kxd7 29. Rf1 Rhf8 30. Rxf8 Rxf8 31. Rf2 Rxf2 32. Kxf2 b5 33. Kf3 b4
34. Kg4 Ke7 35. Kg5 Kf7 36. g4 a6 37. h3 a5 38. h4 Ke7 39. Kg6 Kf8 40. g5 Kg8
41. h5 Kh8 42. Kf7 {1-0 Lawson,E-Michaud,G, Saint Jean sur Richelieu 2000})
11... Bd7 12. Rc1 a6 13. Bb1 g5 14. Be3 Ng6 15. Bxg6 fxg6 16. Qd3 Kf7 17. dxc5
Bxc5 18. Ned4 Rac8 19. Qe2 Ne7 20. b4 Bxd4 21. Nxd4 Qc7 22. f4 gxf4 23. Rxf4+
Nf5 24. Bd2 Kg7 25. Nxf5+ exf5 26. e6 Qb6+ 27. Be3 Qxe6 28. Bd4+ Kh7 29. Qxe6
Bxe6 30. Bxh8 Kxh8 31. Re1 Rc6 32. Rf3 Kg7 33. Rfe3 Kf6 34. h4 1/2-1/2

[Event "Witten (ch open)"]
[Site "Annen"]
[Date "2012.03.09"]
[Round "5"]
[White "Sondermann, Dirk"]
[Black "Dahlbeck, Mirko"]
[Result "1-0"]
[WhiteElo "1807"]
[BlackElo "1750"]
[PlyCount "69"]
[EventDate "2012.02.03"]
[EventType "swiss"]
[EventRounds "7"]
[EventCountry "GER"]
[Source "Lothar Stergar"]
[SourceDate "2012.02.04"]

1. d4 e6 2. Nf3 c5 3. c4 (3. e3 {- Helbig,D (1854)-Dahlbeck,M (1608), (6) 2009}
) 3... cxd4 4. Nxd4 Nf6 5. Nc3 d5 6. Bf4 Nc6 7. cxd5 Nxd5 8. Nxc6 bxc6 9. Bd2
Ba6 10. Qa4 Qb6 {#} 11. Rc1 (11. Nxd5 exd5 12. Rc1 Rc8 13. g3 $6 Be7 14. Bh3
Bb5 15. Qg4 O-O 16. Bc3 g6 17. O-O c5 $15 18. Qf4 Rce8 19. a4 Bxe2 20. Qe5 d4
21. Qxe2 Bf6 22. Qc4 dxc3 23. bxc3 Re7 24. Rb1 Qa5 25. Rfc1 Rfe8 26. Rb5 Qd8
27. Rxc5 Qd2 28. Rf1 Kg7 29. a5 Re5 30. Rc6 R8e7 31. Qa6 Bg5 32. f4 Re2 33.
fxg5 Qe3+ 34. Kh1 Qe4+ 35. Kg1 Qe3+ 36. Kh1 Qe4+ {1/2-1/2 Korcnoi,V (2635)
-Lautier,J (2630), Wijk aan Zee 1997}) 11... Bb4 12. Nxd5 Bxd2+ 13. Kxd2 Rd8
14. Qxc6+ Qxc6 15. Rxc6 Rxd5+ 16. Kc1 O-O 17. e4 Bxf1 18. exd5 Bxg2 19. Rg1
Bxd5 20. Ra6 Ra8 21. Rg3 Bc4 22. Ra5 a6 23. Rc3 Bf1 24. Rac5 Kf8 25. Rc8+ Rxc8
26. Rxc8+ Ke7 27. Kd2 f5 28. a4 g6 29. Ke3 Kf6 30. Rc1 Bg2 31. f3 g5 32. Kf2
Bh3 33. Rc6 h5 34. Rxa6 g4 35. f4 1-0

[Event "Witten (ch open)"]
[Site "Annen"]
[Date "2012.03.09"]
[Round "5"]
[White "Hoelzer, Thomas"]
[Black "Kurz, Heinrich"]
[Result "1-0"]
[WhiteElo "1708"]
[BlackElo "1634"]
[PlyCount "91"]
[EventDate "2012.02.03"]
[EventType "swiss"]
[EventRounds "7"]
[EventCountry "GER"]
[Source "Lothar Stergar"]
[SourceDate "2012.02.04"]

1. Nf3 c5 2. c4 Nc6 3. b3 (3. d4 {- Reinoehl,C (2047)-Morawietz,M (1926), (3)
2011}) 3... d6 4. Bb2 Bf5 5. d3 {#} e6 (5... e5 6. Nfd2 Nf6 7. Nc3 a6 8. g3 Rb8
9. Bg2 Qc7 10. Nde4 Bxe4 11. Bxe4 Nxe4 12. dxe4 b5 13. Nd5 Qd8 14. Rb1 bxc4 15.
bxc4 Qa5+ 16. Nc3 Rxb2 17. Rxb2 Qxc3+ 18. Rd2 Qxc4 19. f3 Be7 20. Rxd6 Bxd6 21.
Qxd6 Qc1+ 22. Kf2 Qxh1 23. Qxc6+ Ke7 24. Qc7+ Ke6 25. Qc6+ Ke7 26. Qc7+ {1/2-1/
2 Marques Serra,D-Sala Espi,A, Valencia 2004}) 6. e4 Bg4 7. Be2 Bxf3 8. Bxf3
Nd4 9. Nd2 Nf6 10. O-O e5 11. Bxd4 cxd4 12. Bg4 Qa5 13. Be2 Be7 14. f4 O-O 15.
f5 Nd7 16. Nf3 Nf6 17. Qc1 Ng4 18. Nxd4 Nxh2 19. Kxh2 exd4 20. Qf4 Rad8 21. Qg4
h6 22. f6 Qe5+ 23. Kg1 Bxf6 24. Rf5 Qe7 25. Raf1 Bg5 26. Qg3 g6 27. Rd5 Be3+
28. Kh1 Kh7 29. Bg4 Rg8 30. Qf3 Qh4+ 31. Bh3 Rg7 32. Qf6 Qg3 33. Qxd8 Bf4 34.
Rxf4 Qxf4 35. Qxd6 Qf1+ 36. Kh2 Qxd3 37. Rxd4 Qb1 38. Qf8 Qc1 39. e5 Qe3 40.
Qd6 b6 41. Qd5 Qf2 42. a4 Qe3 43. b4 h5 44. c5 bxc5 45. bxc5 h4 46. Rxh4+ 1-0

[Event "Witten (ch open)"]
[Site "Annen"]
[Date "2012.03.09"]
[Round "5"]
[White "Koch, Detlev"]
[Black "Hartung, Thomas"]
[Result "0-1"]
[WhiteElo "1341"]
[BlackElo "1904"]
[PlyCount "66"]
[EventDate "2012.02.03"]
[EventType "swiss"]
[EventRounds "7"]
[EventCountry "GER"]
[Source "Lothar Stergar"]
[SourceDate "2012.02.04"]

1. d4 Nf6 2. c4 c5 3. Nf3 cxd4 4. Nxd4 Nc6 (4... e5 {- Daemmrich,L (1654)
-Weier,D (1887), (2) 2003}) 5. e3 g6 6. a3 Bg7 7. Be2 O-O 8. O-O d6 9. Nc3 {#}
Ne8 (9... Bd7) (9... h5) (9... Rb8) (9... e6) (9... Qd7) (9... Nxd4) (9... a5)
(9... a6) (9... Bd7 {- A 35/6}) 10. Rb1 e5 11. Nxc6 bxc6 12. e4 Rb8 13. b4 f5
14. f3 Nf6 15. Kh1 Be6 16. Bg5 h6 17. Bxf6 Bxf6 18. Qd2 Bg5 19. Qd1 Rf7 20. Qe1
Rfb7 21. Qd1 Rd7 22. Qc2 Kh7 23. Rfd1 Qg8 24. Na2 Be3 25. Nc1 Qd8 26. Qb3 Bf2
27. Na2 Qh4 28. h3 f4 29. Bf1 Qg3 30. Rb2 Be3 31. Bd3 a5 32. Bf1 Bxh3 33. gxh3
Qg1# 0-1

[Event "Witten (ch open)"]
[Site "Annen"]
[Date "2012.03.09"]
[Round "5"]
[White "Daemmrich, Dagmar"]
[Black "Luebke, Hans Joachim"]
[Result "0-1"]
[WhiteElo "1136"]
[BlackElo "1277"]
[PlyCount "116"]
[EventDate "2012.02.03"]
[EventType "swiss"]
[EventRounds "7"]
[EventCountry "GER"]
[Source "Lothar Stergar"]
[SourceDate "2012.02.04"]

1. d4 Nf6 2. e3 d6 3. Nf3 a6 {#} (3... g6 {- Lemberg,A-Stergar,L (1620), (3)
2005}) 4. b3 (4. h3) (4. c4) (4. Be2) (4. Bd3 {- A 46/2}) 4... e6 5. Nbd2 Nbd7
6. Bb2 Be7 7. h3 O-O 8. c4 b6 9. a4 Bb7 10. Be2 Re8 11. O-O c5 12. Qc2 Qc7 13.
Rfc1 Rac8 14. Bd3 Qb8 15. Ra2 Qa8 16. Qd1 cxd4 17. Bxd4 e5 18. Bb2 e4 19. Bxf6
Nxf6 20. Nxe4 Nxe4 21. Qc2 g6 22. Rca1 Ng5 23. Ne1 Bf6 24. Rd1 Ne4 25. Qb1 Nc3
26. Qc2 Nxd1 27. Qxd1 Re6 28. b4 Rd8 29. Qb3 d5 30. Be2 dxc4 31. Bxc4 Bd5 32.
Nf3 Bxc4 33. Qxc4 Qd5 34. Rc2 Qxc4 35. Rxc4 Red6 36. Kh2 Kg7 37. g4 g5 38. Kg2
h6 39. Kh2 Kg6 40. Kg3 h5 41. Kg2 h4 42. Kf1 Re6 43. Ke2 Rdd6 44. Nd2 Rc6 45.
f3 Rxc4 46. Nxc4 Bc3 47. b5 a5 48. e4 Be5 49. Kd3 f6 50. Ke3 Bc7 51. Kd4 Re7
52. Kd5 Kf7 53. Ne3 Re6 54. Nf5 Re5+ 55. Kc6 Rc5+ 56. Kd7 Bf4 57. Ne7 Rc7+ 58.
Kd8 Rxe7 0-1

[Event "Witten (ch open)"]
[Site "Annen"]
[Date "2012.03.16"]
[Round "6"]
[White "Reinoehl, Christian"]
[Black "Bortel, Peter"]
[Result "0-1"]
[WhiteElo "2093"]
[BlackElo "1821"]
[PlyCount "54"]
[EventDate "2012.02.03"]
[EventType "swiss"]
[EventRounds "7"]
[EventCountry "GER"]
[Source "Lothar Stergar"]
[SourceDate "2012.02.04"]

1. e4 c5 2. Nf3 d6 3. d4 cxd4 4. Nxd4 Nf6 5. Nc3 g6 6. Be3 Bg7 7. f3 O-O 8. Qd2
Nc6 9. O-O-O Qa5 10. g4 Bd7 11. h4 Rfc8 (11... Ne5 {- Reinoehl,C (2096)-Bortel,
P (1864), (7) 2010}) 12. Kb1 Ne5 13. h5 Nxf3 14. Nxf3 Bxg4 15. Be2 Rxc3 16.
Qxc3 Qxc3 17. bxc3 Nxe4 18. Bd4 e5 {#} 19. Rh4 (19. hxg6 hxg6 20. Rdg1 exd4 21.
Rxg4 Nxc3+ 22. Kc1 Nxe2+ 23. Kd2 Re8 24. Rh2 Nc3 25. Nxd4 Nxa2 26. c3 Rc8 27.
Rh3 Rc4 28. Rd3 Nxc3 {0-1 Pang,N (1992)-Riordan,C (2228), Lowell 2003}) 19...
exd4 20. Rxg4 Nxc3+ 21. Kb2 Nxe2 22. hxg6 hxg6 23. Kb3 Rc8 24. Ne1 Rc3+ 25. Kb4
d5 26. Nd3 Bf8+ 27. Kb5 Rxc2 0-1

[Event "Witten (ch open)"]
[Site "Annen"]
[Date "2012.03.16"]
[Round "6"]
[White "Morawietz, Manuel"]
[Black "Herrmann, Uwe"]
[Result "1-0"]
[WhiteElo "1836"]
[BlackElo "1933"]
[PlyCount "97"]
[EventDate "2012.02.03"]
[EventType "swiss"]
[EventRounds "7"]
[EventCountry "GER"]
[Source "Lothar Stergar"]
[SourceDate "2012.02.04"]

1. c4 Nf6 2. Nc3 g6 3. e4 d6 4. d4 Bg7 5. Be2 O-O 6. Nf3 c5 7. O-O Nc6 8. d5
Ne5 (8... Na5 {- Smikalla,R (2175)-Niermann,M (1840), (3) 1992}) 9. Nxe5 dxe5
10. Be3 b6 {#} 11. a4 (11. h3) (11. Rb1) (11. Qd2) (11. a3 {- E 91/9}) 11... a5
12. Qd2 Nxe4 13. Nxe4 f5 14. f3 fxe4 15. fxe4 Qd6 16. Rxf8+ Bxf8 17. Rf1 Bd7
18. b3 Bg7 19. g4 Rf8 20. Rxf8+ Bxf8 21. g5 Qb8 22. Qd1 Qe8 23. Bg4 Qc8 24. Be2
Qe8 25. Qe1 Bg7 26. Bd2 Qd8 27. Qg3 Qc8 28. Bc3 Qc7 29. h4 Be8 30. Kg2 Qd6 31.
Bg4 Bd7 32. Be2 Be8 33. Kf2 Qc7 34. Bg4 Qd6 35. Ke3 Bd7 36. Be2 h5 37. Bf1 Bg4
38. Bh3 Bd7 39. Kd2 Bxh3 40. Qxh3 Kf7 41. Qc8 Bf8 42. Kc2 Bg7 43. Be1 Bf8 44.
Bf2 Bg7 45. Be3 Bf8 46. b4 e6 47. bxa5 bxa5 48. Bd2 exd5 49. Bxa5 1-0

[Event "Witten (ch open)"]
[Site "Annen"]
[Date "2012.03.16"]
[Round "6"]
[White "Zadow, Ralf"]
[Black "Sondermann, Dirk"]
[Result "1-0"]
[WhiteElo "1860"]
[BlackElo "1807"]
[PlyCount "15"]
[EventDate "2012.02.03"]
[EventType "swiss"]
[EventRounds "7"]
[EventCountry "GER"]
[Source "Lothar Stergar"]
[SourceDate "2012.02.04"]

1. e4 d5 2. d4 e6 3. Nc3 Bb4 4. Bd2 (4. e5 {- Suessmann,H (1635)-Kwiatkowski,H
(1848), (7) 2008}) 4... dxe4 5. Qg4 Qxd4 6. O-O-O h5 7. Qe2 {#} Qe5 (7... Bxc3)
(7... Qc5) (7... Be7) (7... Nd7) (7... Ne7) (7... Qb6) (7... Nc6) (7... Nf6) (
7... Bd7 {- C 15/3}) 8. Nf3 1-0

[Event "Witten (ch open)"]
[Site "Annen"]
[Date "2012.03.16"]
[Round "6"]
[White "Hartung, Thomas"]
[Black "Winterkamp, Sascha"]
[Result "0-1"]
[WhiteElo "1904"]
[BlackElo "1953"]
[PlyCount "48"]
[EventDate "2012.02.03"]
[EventType "swiss"]
[EventRounds "7"]
[EventCountry "GER"]
[Source "Lothar Stergar"]
[SourceDate "2012.02.04"]

1. e4 c5 2. Nf3 d6 3. d4 cxd4 4. Nxd4 Nf6 5. Nc3 a6 6. Bg5 Nbd7 7. f4 Qc7 (7...
e6 {- Helbig,D (1746)-Fromme,W (1722), (4) 2010}) 8. Qf3 b5 9. O-O-O Bb7 10. g4
e6 11. Bxf6 gxf6 12. a3 Rc8 13. Kb1 Be7 14. h4 Nc5 15. Rh2 {#} Qb6 (15... Qb8
16. Rhd2 Qa8 17. Bg2 Nd7 18. g5 Nb6 19. Qh5 Nc4 20. Rd3 f5 21. exf5 Bxg2 22.
fxe6 Kd8 23. f5 Ne5 24. f6 fxe6 25. fxe7+ Kxe7 26. Qh6 Kd8 27. Nxe6+ Ke8 28.
Rxd6 Nf7 29. Qg7 Be4 30. Rd7 Bg6 31. Qf8+ {1-0 van den Berg,C-Ujtelky,M,
Rotterdam 1955}) 16. Re2 b4 17. axb4 Qxb4 18. Na2 Qb6 19. Bg2 Rb8 20. Qa3 O-O
21. g5 fxg5 22. hxg5 Nxe4 23. Qh3 Nxg5 24. fxg5 Bxg2 0-1

[Event "Witten (ch open)"]
[Site "Annen"]
[Date "2012.03.16"]
[Round "6"]
[White "Stergar, Lothar"]
[Black "Hoelzer, Thomas"]
[Result "1-0"]
[WhiteElo "1574"]
[BlackElo "1708"]
[PlyCount "81"]
[EventDate "2012.02.03"]
[EventType "swiss"]
[EventRounds "7"]
[EventCountry "GER"]
[Source "Lothar Stergar"]
[SourceDate "2012.02.04"]

1. e4 d5 2. exd5 Nf6 3. d4 Nxd5 4. Nf3 Bf5 (4... Bg4 {- Stergar,L (1574)-Claus,
J (1638), (3) 2012}) 5. Bd3 Bxd3 6. Qxd3 e6 7. Qb5+ Nd7 8. Qxb7 {#} Bd6 (8...
Be7 9. O-O O-O 10. c3 N7b6 11. Qa6 Bd6 12. a3 c5 13. dxc5 Bxc5 14. Qe2 Re8 15.
c4 Nf6 16. Bg5 h6 17. Bh4 Be7 18. Ne5 Qc7 19. Nd2 Rad8 20. Bg3 Qb7 21. Rac1 Rc8
22. b4 Qa6 23. Qe3 Red8 24. Rfd1 Ne8 25. c5 Nd5 26. Qf3 Bf6 27. Ndc4 Bxe5 28.
Nxe5 Nef6 29. c6 Qb6 30. Rc5 Rf8 31. Rdc1 Rfd8 32. Nd3 Nc7 33. h3 Qa6 34. Ne5
Rd5 35. Rxd5 Ncxd5 36. Bh4 {1-0 Corba,I-Smirnova,O, Nikolaev 2008}) (8... N7b6
9. O-O Bd6 10. Qa6 O-O 11. a3 Nd7 12. Qe2 h6 13. c4 N5f6 14. Nc3 a6 15. Rd1 Re8
16. Qc2 Nh7 17. b4 Be7 18. d5 e5 19. c5 Bf6 20. Ne4 Rb8 21. Rb1 Bg5 22. Nexg5
Nxg5 23. Bxg5 hxg5 24. d6 c6 25. Qc1 {1-0 Lefebvre,R (1890)-Billard,S (1600),
Louviers 2009}) 9. O-O O-O 10. Nbd2 Qe7 11. Nb3 N7f6 12. Qa6 Bf4 13. Re1 Bxc1
14. Raxc1 Nb4 15. Qa4 Qd6 16. Nc5 Rfb8 17. c3 Nbd5 18. Qc2 Qf4 19. h3 h6 20.
Re5 Nh7 21. Rce1 Rd8 22. R1e4 Qf6 23. Nh2 g6 24. Ng4 Qg7 25. Qd2 Ng5 26. Rxg5
hxg5 27. Qxg5 Rd6 28. Nh6+ Kf8 29. Ng4 f6 30. Nxe6+ Rxe6 31. Qxd5 Rxe4 32. Qxe4
Re8 33. Qf4 Re6 34. Ne3 Qf7 35. Kf1 Ke8 36. Qf3 a6 37. Qa8+ Kd7 38. Nd5 Re8 39.
Qb7 Kd6 40. c4 Ke6 41. Nxc7+ 1-0